Loading...
Keralatthile nadan kalakal/
| Main Author: | |
|---|---|
| Format: | Printed Book |
| Language: | Malayalam |
| Published: |
Kottayam:
NBS,
1989
|
| LEADER | 00573nam a22001817a 4500 | ||
|---|---|---|---|
| 003 | OSt | ||
| 005 | 20200624134620.0 | ||
| 008 | 160317b xxu||||| |||| 00| 0 mal d | ||
| 041 | |a mal | ||
| 082 | |a 398.095483 NAM/K | ||
| 100 | |a Nambiar, A. K. | ||
| 245 | |a Keralatthile nadan kalakal/ |c A. K. Nambiar | ||
| 260 | |b NBS, |a Kottayam: |c 1989 | ||
| 300 | |a 163p. | ||
| 546 | |a In Malayalam | ||
| 942 | |2 ddc |c BK | ||
| 999 | |c 327721 |d 327721 | ||
| 952 | |0 0 |1 0 |2 ddc |4 0 |6 398_095483000000000_NAM_K |7 0 |9 374291 |a CSC |b CSC |c ST1 |d 2016-03-17 |i 6638 |l 0 |o 398.095483 NAM/K |p CSC6638 |r 2016-03-17 |w 2016-03-17 |y BK | ||